Corrosion engineering (Record no. 3984)

000 -LEADER
fixed length control field 00731nam a2200229 i 4500
001 - CONTROL NUMBER
control field 3984
003 - CONTROL NUMBER IDENTIFIER
control field BD-DhUET
008 - FIXED-LENGTH DATA ELEMENTS--GENERAL INFORMATION
fixed length control field 770810s1978 nyua b 001 0 eng
020 ## - INTERNATIONAL STANDARD BOOK NUMBER
International Standard Book Number
040 ## - CATALOGING SOURCE
Original cataloging agency DLC
Transcribing agency DLC
Modifying agency BD-DhUET
082 00 - DEWEY DECIMAL CLASSIFICATION NUMBER
Classification number 620.1122
Item number FON/1967
100 ## - MAIN ENTRY--PERSONAL NAME
Personal name Fontana, Mars G.
245 10 - TITLE STATEMENT
Title Corrosion engineering
250 ## - EDITION STATEMENT
Edition statement 2nd ed.
260 ## - PUBLICATION, DISTRIBUTION, ETC. (IMPRINT)
Place of publication, distribution, etc. New York
Name of publisher, distributor, etc. McGraw-Hill
Date of publication, distribution, etc. 1978
300 ## - PHYSICAL DESCRIPTION
Extent xiii, 465 p.
Other physical details ill.
Dimensions 24 cm.
490 0# - SERIES STATEMENT
Series statement Materials science and engineering series
504 ## - BIBLIOGRAPHY, ETC. NOTE
Bibliography, etc Includes bibliographies
650 #0 - SUBJECT ADDED ENTRY--TOPICAL TERM
Topical term or geographic name as entry element Corrosion - Engineering
700 ## - ADDED ENTRY--PERSONAL NAME
Personal name Greene, Norbert D.
942 ## - ADDED ENTRY ELEMENTS (KOHA)
Koha item type General Book
Holdings
Location (home branch) Koha date last borrowed Piece designation (barcode) Sublocation or collection (holding branch) Price effective from Koha issues (times borrowed) Koha date last seen Damaged status Not for loan Date acquired Koha normalized classification for sorting Koha full call number Withdrawn status Copy number Koha item type Source of classification or shelving scheme Shelving location Lost status
Central Library, BUET2022-09-1371357Central Library, BUET2014-11-1022022-11-21  2014-11-10620_112200000000000_FON_1978620.1122/FON/1978 1General Book Circulation section 
Central Library, BUET2022-07-2571356Central Library, BUET2014-11-1232022-10-01  2014-11-12620_000000000000000_1122FON197620.1122/FON/1978 2General Book Circulation section 
Central Library, BUET2022-06-1546427Central Library, BUET2014-11-1622022-06-29  2014-11-16620_000000000000000_1122FON197620.1122/FON/1978 3General Book Circulation section 
Central Library, BUET 29712Central Library, BUET2014-11-29 2014-11-29  2014-11-29620_112200000000000_FON_1978620.1122/FON/1978 4General Book Circulation section 
Central Library, BUET 59780Central Library, BUET2015-07-01 2015-07-01  2015-07-01620_112200000000000_FON_1967620.1122/FON/1967 5Reading Item Reading section 
Central Library, BUET 59783Central Library, BUET2024-11-24 2024-11-24  2024-11-24620_112200000000000_FON_1967620.1122 FON/1967 ক-৫Rental Item Rental section 
Central Library, BUET 59784Central Library, BUET2024-11-24 2024-11-24  2024-11-24620_112200000000000_FON_1967620.1122 FON/1967 ক-৬Rental Item Rental section 
Central Library, BUET 59785Central Library, BUET2024-11-24 2024-11-24  2024-11-24620_112200000000000_FON_1967620.1122 FON/1967 ক-৭Rental Item Rental section 
Central Library, BUET 59786Central Library, BUET2024-11-24 2024-11-24  2024-11-24620_112200000000000_FON_1967620.1122 FON/1967 ক-৮Rental Item Rental section